| 000 | 01028nam a22001817a 4500 | ||
|---|---|---|---|
| 999 |
_c62744 _d62744 |
||
| 003 | Ge_BSU | ||
| 005 | 20250204164650.0 | ||
| 008 | 250204s2006 ge ||||| |||| 00| 0 geo d | ||
| 020 | _a978994025657 | ||
| 041 | _ageo | ||
| 080 | _a378.4(479.223) შ-81 | ||
| 245 |
_aშოთა რუსთაველის სახელმწიფო უნივერსიტეტის სამართლებრივი აქტების კრებული / _cგამომცემელი მ. ნაკაშიძე; საქართველოს განათლ. და მეცნირების სამინისტრო. შოთა რუსთაველის სახ. უნივერსიტეტი. |
||
| 264 |
_aბათუმი, _c2008. |
||
| 300 |
_a98 გვ.; _b20 სმ. |
||
| 653 | _a სამართლებრივი აქტები | ||
| 700 |
_aნაკაშიძე, მ. _eგამომცემელი _924253 |
||
| 942 |
_2udc _cᲬᲘᲒᲜᲘ |
||